000 00640nam a2200229Ia 4500
008 160404s9999 xx 000 0 und d
020 _a971-23-4510-6
050 _aFIL HF 5549.15
050 _b.M39 2006
100 _aMaximiano, Jose Mario B.
245 _aManaging human resources :
245 _bin the 21st century /
245 _cJose Mario B. Maximiano.
260 _aManila :
260 _bRex Book Store, Inc.,
260 _c2006
300 _a415 pages :
300 _billustrations ;
300 _c22 cm.
500 _aIncludes bibliographical references.
650 _aPersonnel management -- Study and teaching.
999 _c293290
_d293290